Quilpué: de floreciente villa a ciudad capital
Zapisane w:
| 1. autor: | |
|---|---|
| Format: | Książka |
| Język: | hiszpański |
| Wydane: |
Maval Ltda.
2011
|
| Hasła przedmiotowe: | |
| Etykiety: |
Dodaj etykietę
Nie ma etykietki, Dołącz pierwszą etykiete!
|
MARC
| LEADER | 00000cam a2200000 a 4500 | ||
|---|---|---|---|
| 001 | UCF4361 | ||
| 003 | CL-VaPUC | ||
| 008 | 121130e20110000CL |||||||||||||||||spa|d | ||
| 020 | |a 9789569143007 | ||
| 082 | 0 | 4 | |a 983.255 |b LOP |2 21 |
| 100 | |a López Azcárate, Juan José |e autor |9 565900 | ||
| 245 | 1 | 0 | |a Quilpué: de floreciente villa a ciudad capital |
| 300 | |a 278 p | ||
| 942 | |c BK | ||
| 945 | |d 20121130 00:00:00 |a dcastane | ||
| 260 | |b Maval Ltda. |c 2011 | ||
| 650 | 0 | |a Historia de Chile |9 265473 | |
| 650 | 0 | |a Historia de ciudades |9 445863 | |
| 651 | 0 | |a Quilpué |9 346087 | |
| 583 | |a last modification |c 20121130 23:21:00 |k Rodrigo Vera | ||
| 999 | |c 350168 |d 350166 | ||
| 952 | |0 0 |1 0 |4 0 |6 983_255000000000000_LOP_2011 |7 0 |8 X |9 453385 |a FDOBUD |b FDOBUD |d 2019-11-22 |i 4930444 |o 983.255 LOP 2011 |p 4930444 |r 2019-11-22 |w 2019-11-22 |y BK_X |k BUD | ||